Earthing principles and practice / (Record no. 184468)

000 -LEADER
fixed length control field 00862 a2200169 4500
003 - CONTROL NUMBER IDENTIFIER
control field Nust
005 - DATE AND TIME OF LATEST TRANSACTION
control field 20221202113104.0
040 ## - CATALOGING SOURCE
Transcribing agency Nust
082 ## - DEWEY DECIMAL CLASSIFICATION NUMBER
Classification number 538.74,RYD
100 ## - MAIN ENTRY--PERSONAL NAME
Personal name Ryder, R. W.
9 (RLIN) 41454
245 ## - TITLE STATEMENT
Title Earthing principles and practice /
Statement of responsibility, etc. Ryder, R. W.
260 ## - PUBLICATION, DISTRIBUTION, ETC.
Place of publication, distribution, etc. London,
Name of publisher, distributor, etc. Pitman
Date of publication, distribution, etc. [1952]
300 ## - PHYSICAL DESCRIPTION
Extent xi, 108 p.
Other physical details illus. 22 cm.
505 ## - FORMATTED CONTENTS NOTE
Formatted contents note Physical Characteristic of the Earth (Page-5), The Resistance of Electrodes to Earth (Page-12), High Voltage Earthling (Page-23), Lightning Protection (Page-36), The Human Elements (Page-41), Consumer’s Earthling (Page-45), Earth Projection on Low Voltage Networks (Page-60), Measurement of Earth Resistance (Page-68), Current-Carrying Capacity of Earth Electro modes (Page-77), Special Effects (Page-83).
650 ## - SUBJECT ADDED ENTRY--TOPICAL TERM
Topical term or geographic name entry element Earthing principles and practice.
9 (RLIN) 103995
942 ## - ADDED ENTRY ELEMENTS (KOHA)
Source of classification or shelving scheme
Koha item type Book
Call number prefix 538.74,RYD
Holdings
Withdrawn status Lost status Source of classification or shelving scheme Damaged status Not for loan Permanent Location Current Location Shelving location Date acquired Full call number Barcode Date last seen Price effective from Koha item type Public note
          Military College of Signals (MCS) Military College of Signals (MCS) General Stacks 12/12/2016 538.748,RYD MCS5874 12/08/2016 12/12/2016 Book Almirah No.16, Shelf No.6
© 2023 Central Library, National University of Sciences and Technology. All Rights Reserved.